000 00227 a2200097 4500
001 36535
100 _aA/C Inmul Haq
245 _aThe improvement of libraries
260 _a
_bSang-e-Meel Publication
_c
090 _c23616
_d23616
942 _aNUST-CAE
_cM
_c15132
999 _c271608
_d271608